| 000 | 00346nam a2200121Ia 4500 | ||
|---|---|---|---|
| 005 | 20251222143110.0 | ||
| 008 | 251222s9999||||xx |||||||||||||| ||spa|| | ||
| 082 | _a599.788.5/F49 | ||
| 100 | _aFigueroa Pizarro, Judith | ||
| 245 | 0 | _aEl Oso Andino: | |
| 264 | _bAsociación para la Investigación y Conservación de la Biodiversidad | ||
| 942 | _cLIB | ||
| 999 |
_c11155 _d11155 |
||